عرض عادي عرض مارك
  • Eisenbrand, Gerhard.

مدخل إسم شخص

عدد التسجيلات المستخدمة في: 1

001 - رقم الضبط

  • حقل الضبط: 12814

003 - معرف رقم الضبط

  • حقل الضبط: OSt

005 - تاريخ ووقت أخر عملية

  • حقل الضبط: 20120508224405.0

008 - عناصر بيانات ثابتة الطول

  • حقل تحكم ثابت الطول: 120508|||a|||||| | ||| d

040 ## - مصدر الفهرسة

  • هيئة الفهرسة الأصلية: OSt
  • وكالة الكتابة: OSt

100 ## - مدخل -- أسم شخص

  • إسم شخص: Eisenbrand, Gerhard.

670 ## - بيانات المصدر موجوده

  • الاستشهاد بالمصدر: Work cat.: (OSt)24074: Tang, W. (Weici) 12807, Handbook of Chinese medicinal plants :, 2011.